| 000 | 00799nam a2200289 i 4500 | ||
|---|---|---|---|
| 001 | bgj | ||
| 100 | 1 |
_aHARDY, Thomas _d(1840-1928) |
|
| 245 | 1 | 0 |
_aFar from the Madding Crowd / _cThomas Hardy. |
| 250 | _aPenguin/Godfrey Cave edition. | ||
| 260 |
_aLondon : _bPenguin Books, _c1994. |
||
| 300 |
_a374 pp : _bmap ; _c18 cm. |
||
| 490 | 1 | _aPenguin popular classics | |
| 650 | 9 | _aFarm life | |
| 650 | 9 | _aWomen farmers | |
| 650 | 9 | _aTrinagles (|Interpersonal relations) | |
| 650 | 9 | _aPastoral fiction | |
| 650 | 9 | _aDidactic fiction | |
| 650 | 9 | _aLove stories | |
| 655 | _aFiction | ||
| 830 | _aPenguin popular classics | ||
| 020 | _a0140620478 (pbk) | ||
| 040 | _cBPK | ||
| 041 | 0 | _aeng | |
| 920 | _a0-14-062047-8 (pbk) | ||
| 942 | _cKS | ||
| 008 | s uk f |000 0 eng | ||
| 999 |
_c48016 _d48016 |
||
| 856 |
_uhttp://koha.tu.koszalin.pl/cgi-bin/koha/opac-detail.pl?biblionumber=48016 _yKatalog online BPK |
||